000 00409nam a22001217a 4500
999 _c10210
_d10210
003 OSt
008 201218b ||||| |||| 00| 0 eng d
245 _aIEEMA Journal
250 _a2014(Jul Vol.5 No.11, Sep Vol.6 No.1, Oct Vol.6 No.2-3, Dec Vol.6 No.4)
260 _aMumbai
_bIndian Electrical and Electronics Manufacturers Association
650 _aElectronics and Communication Engineering
942 _2ddc
_cBV